书目信息 |
| 题名: |
国民革命军北伐亲历记
|
|
| 作者: | ;政协文史和学习委员会 编 | |
| 分册: | ||
| 出版信息: | 北京 中国文史出版社 2017 |
|
| 页数: | 313页 | |
| 开本: | 24cm | |
| 丛书名: | 百年中国记忆·文史资料百部经典文库 | |
| 单 册: | ||
| 中图分类: | E296.91 | |
| 科图分类: | ||
| 主题词: | 国民革命军--guo min ge ming jun--第一次国内革命战争--史料 | |
| 电子资源: | ||
| ISBN: | 978-7-5034-7660-0 | |
| 000 | 01094nam0 22002531 450 | |
| 001 | 0119165256 | |
| 005 | 20170619165256.0 | |
| 010 | @a978-7-5034-7660-0@dCNY39.80 | |
| 100 | @a20170220d2017 em y0chiy50 ea | |
| 101 | 0 | @achi |
| 102 | @aCN@b110000 | |
| 105 | @ab z 000yd | |
| 106 | @ar | |
| 200 | 1 | @a国民革命军北伐亲历记@9guo min ge ming jun bei fa qin li ji@f全国政协文史和学习委员会编 |
| 210 | @a北京@c中国文史出版社@d2017 | |
| 215 | @a313页@c地图@d24cm | |
| 225 | 2 | @a百年中国记忆·文史资料百部经典文库@9bai nian zhong guo ji yi wen shi zi liao bai bu jing dian wen ku@f陈惠丰主编 |
| 330 | @a本书以反映国共合作时期的北伐战争为内容,收录了聂荣臻、唐生智、李宗仁等北伐战争的亲历者的回忆文章,生动而翔实地记述了当时的形势、战役经过和战斗情况,是研究北伐战争史的重要资料。 | |
| 461 | 0 | @12001 @a百年中国记忆·文史资料百部经典文库 |
| 606 | 0 | @a国民革命军@9guo min ge ming jun@x第一次国内革命战争@j史料 |
| 690 | @aE296.91@v5 | |
| 711 | 02 | @a政协文史和学习委员会@9zheng xie wen shi he xue xi wei yuan hui@4编 |
| 801 | 0 | @aCN@b百万庄@c20170616 |
| 905 | @b1011273-8@dE296.91@e82@f6 | |
| 国民革命军北伐亲历记/全国政协文史和学习委员会编 .-北京:中国文史出版社,2017 |
| 313页:地图;24cm.-(百年中国记忆·文史资料百部经典文库/陈惠丰主编) |
| ISBN 978-7-5034-7660-0:CNY39.80 |
| 本书以反映国共合作时期的北伐战争为内容,收录了聂荣臻、唐生智、李宗仁等北伐战争的亲历者的回忆文章,生动而翔实地记述了当时的形势、战役经过和战斗情况,是研究北伐战争史的重要资料。 |
| ● |
| 相关链接 |
|
|
|
|
正题名:国民革命军北伐亲历记
索取号:E296.91/82
 
预约/预借
| 序号 | 登录号 | 条形码 | 馆藏地/架位号 | 状态 | 备注 |
| 1 | 1011273 | 210112732 | 第一样本阅览室/ [索取号:E296.91/82] | 在馆 | |
| 2 | 1011274 | 210112741 | 教育系资料室/ [索取号:E296.91/82] | 在馆 | |
| 3 | 1011275 | 210112750 | 教育系资料室/ [索取号:E296.91/82] | 在馆 | |
| 4 | 1011276 | 210112769 | 教育系资料室/ [索取号:E296.91/82] | 在馆 | |
| 5 | 1011277 | 210112778 | 第一借阅区/ [索取号:E296.91/82] | 在馆 | |
| 6 | 1011278 | 210112787 | 第一借阅区/ [索取号:E296.91/82] | 在馆 |